Tendencias actuales en torno al mercado del crďito

Detalles Bibliográficos
Autor principal: Pulgar Ezquerra, Juana
Otros Autores: Vargas Vasserot, Carlos
Formato: eBook
Lenguaje:español
Publicado: Madrid: Marcial Pons, 2010
Materias:
Acceso en línea:Acceso restringido

MARC

LEADER 00000nam a22000007a 4500
005 2017021408498.0
007 cr|||| ||||
008 170214s2010 es |||||s|||| 00||0 spa d
020 |a 978-84-9123-138-7 
035 |a 14685 
040 |a vLex 
090 |c 6552  |d 6552 
100 1 |a Pulgar Ezquerra, Juana 
245 1 0 |a Tendencias actuales en torno al mercado del crďito  |h [Recurso electrn̤ico] /  |c Juana Pulgar Ezquerra, Carlos Vargas Vasserot 
256 |a Servicio en ln̕ea 
260 |a Madrid:  |b Marcial Pons,  |c 2010 
300 |a 1 recurso electrn̤ico 
506 1 |a Disponible solo en los productos indicados  |d vLex Global  |d vLex Global (Academic Edition, excluding Law Schools)  |d vLex Global (U.S. Academic Edition, Law Schools)  |d vLex Global (U.S. Academic Edition, excluding Law Schools)  |d vLex Global (Academic Edition, Law Schools) 
650 0 4 |a Derecho Mercantil y de la Empresa  |z Espaą 
700 1 |a Vargas Vasserot, Carlos 
740 0 |a vLex Libros (Servicio en ln̕ea) 
856 4 0 |u http://vlex.com/source/tendencias-actuales-mercado-credito-14685  |z Acceso restringido 
942 |c BOOK 
999 0 |a Commercial and Company Law